Ciencias sociales 7 : historia /

Guardado en:
Autor Principal: Cibotti, Ema
Formato: Libro
Publicado: Buenos Aires : A-z, 1997
Materias:
Etiquetas: Agregar Etiqueta
Sin Etiquetas, Sea el primero en etiquetar este registro!
LEADER 01556nam a22002175a 4500
001 CEM.cems013628
005 20120228113522.0
008 130507s1997##################000#0#####d
003 CEMS
020 |a 9505344392 
082 0 4 |a 302 
100 1 |a Cibotti, Ema 
245 1 0 |a Ciencias sociales 7 :  |b historia /  |c Ema Cibotti 
260 |a Buenos Aires :  |b A-z,  |c 1997 
300 |a 203 p. 
500 |a Para 3er. ciclo E.g.b 
505 0 |a La gran aventura humana, el hombre prehistórico -- Oriente y occidente, la primera división del mundo (3000 A.C. -400 D.C.) -- Oriente, las grandes civilizaciones agrícolas -- Los continentes perdidos -- Occidente, la cultura grecorromana -- Encuentro y confrontación entre occidente y oriente (siglos V-XV) -- La europa medieval -- Los árabes, una nueva potencia hemisférica -- El orden cristiniano-feudal -- La gran expansión de Europa, del siglo XI al XIII -- La crisis del siglo XIV -- La imposición cultural de Occidente (siglos XV-XVIII) -- La segunda exposición de Europa -- El capitalismo y los imperios coloniales -- El siglo XVIII, la gran transformación -- El dominio de Occidente (siglo XIX) -- La primera unidad del mundo -- El mundo actual hacia una nueva división -- Un mundo bélico -- Un mundo partido en dos -- La crisis del 29 -- El mundo bipolar -- Un mundo desigual -- Un mundo de masas -- Un mundo veloz -- Un mundo solidario 
653 |a Ciencias sociales 
653 |a Ciencias sociales-7 egb 
653 |a Historia-7º egb 
859 |a CEMS  |b BIB. CEMS - 11 de abril  |h 302  |i C482  |p 26243.11  |t Ej.1  |v 7  |3 7